000
00257nam a2200109Ia 4500
008
220204s9999 xx 000 0 und d
082
_a
82-3
_b
SHU
100
_a
Shute, Nevil
245
4
_a
The Rainbow and the rose
260
_a
London
_b
Pan
_c
1974
942
_c
BK
999
_c
33853
_d
33853